Estadísticas para Países que Limitan con Hungría

Haz click aquí para tomar la prueba!

Estadísticas generales

  • Esta prueba ha sido tomada 2.925 veces
  • La puntuación promedio es 7 de 7

Respuestas en el mapa

Las respuestas están codificadas por una escala verde-roja en el mapa de la prueba según el % correcto abajo.
 

Estadísticas de respuestas

País% Correcto
Austria
96%
Eslovaquia
95%
Rumania
95%
Eslovenia
94%
Serbia
94%
Croacia
93%
Ucrania
91%

Distribución de puntuación

Porcentaje por número respondido

Porcentaje de gente con cada puntuación

Historial de tus puntuaciones

No has tomado esta prueba